Jonathan Duncan and Varanasi / (Record no. 9743)
[ view plain ]
| 000 -LEADER | |
|---|---|
| fixed length control field | 00793nam a2200277 a 4500 |
| 001 - CONTROL NUMBER | |
| JCCL Control Number | 9743 |
| 003 - CONTROL NUMBER IDENTIFIER | |
| JCCL marc code | BD-JhCC |
| 005 - DATE AND TIME OF LATEST TRANSACTION | |
| control field | 20180324171942.0 |
| 008 - FIXED-LENGTH DATA ELEMENTS--GENERAL INFORMATION | |
| fixed length control field | 860101s1959 ii 001 0 eng d |
| 035 ## - SYSTEM CONTROL NUMBER | |
| system control number | BD-JhCC)9743 |
| 040 ## - CATALOGING SOURCE | |
| Original cataloging agency | BD-JhCC |
| Transcribing agency | XFM |
| Modifying agency | OCL |
| -- | BD-JhCC |
| 041 ## - LANGUAGE CODE | |
| Language code of Book | eng |
| 082 ## - DEWEY DECIMAL CLASSIFICATION NUMBER | |
| Classification number | 954 |
| Author mark and Year | NAR 1959 |
| 090 ## - LOCALLY ASSIGNED LC-TYPE CALL NUMBER (OCLC); LOCAL CALL NUMBER (OCLC) | |
| Classification number (OCLC) (R) ; Classification number, CALL (RLIN) (NR) | DS470.D8 |
| Local cutter number (OCLC) ; Book number/undivided call number, CALL (RLIN) | N3 |
| 100 1# - MAIN ENTRY--PERSONAL NAME | |
| Personal name | Narain, Vishnu Anugrah, |
| Dates associated with a name | 1927- |
| 245 10 - TITLE STATEMENT | |
| Title | Jonathan Duncan and Varanasi / |
| Statement of responsibility, etc | V.A. Narain |
| 250 ## - EDITION STATEMENT | |
| Edition statement | [1st ed.] |
| 260 ## - PUBLICATION, DISTRIBUTION, ETC. (IMPRINT) | |
| Place of publication, distribution, etc | Calcutta : |
| Name of publisher, distributor, etc | Mukhopadhyay, |
| Date of publication, distribution, etc | [1959] |
| 300 ## - PHYSICAL DESCRIPTION | |
| Pagination | 240 p. ; |
| Dimensions | 23 cm |
| 500 ## - GENERAL NOTE | |
| General note | Thesis (Ph. D.)--London University |
| 504 ## - BIBLIOGRAPHY, ETC. NOTE | |
| Bibliography, etc | Bibliography: p.[226]-232 |
| 600 10 - SUBJECT ADDED ENTRY--PERSONAL NAME | |
| Personal name | Duncan, Jonathan, |
| Dates associated with a name | 1756-1811 |
| 651 #0 - SUBJECT ADDED ENTRY--GEOGRAPHIC NAME | |
| Geographic name | Vārānasi (Uttar Pradesh, India : District) |
| General subdivision | History |
| 942 ## - ADDED ENTRY ELEMENTS (KOHA) | |
| Source of classification or shelving scheme | Dewey Decimal Classification |
| Koha item type | Books |
| Source of classification or shelving scheme | Damaged status | Not for loan | Home library | Current library | Shelving location | Date of accession | Total Checkouts | Full call number | Barcode | Date last seen | Copy number | Koha item type |
|---|---|---|---|---|---|---|---|---|---|---|---|---|
| Dewey Decimal Classification | JCC Rouf Library | JCC Rouf Library | General Stacks | 03/24/2018 | 954 NAR 1959 | 12644 | 03/24/2018 | C-1 | Books |